[Event "Nizhnij Novgorod Chunakov Memorial 10th"]
[Site "Nizhnij Novgorod"]
[Date "2010.02.27"]
[Round "?"]
[White "Vladykin, Vasily M"]
[Black "Gur, Oleg"]
[Result "0-1"]
[WhiteElo "1868"]
[BlackElo "1889"]
[PlyCount "85"]
[EventDate "2010.02.20"]
[EventType "swiss"]
[EventRounds "9"]
[EventCountry "RUS"]
[SourceTitle "EXT 2022"]
[Source "ChessBase"]
[SourceDate "2021.10.06"]
[SourceVersion "1"]
[SourceVersionDate "2021.10.06"]
[SourceQuality "1"]

1. d4 d5 2. c4 e6 3. g3 Nf6 4. Bg2 c5 5. dxc5 Bxc5 6. cxd5 Nxd5 7. e3 0-0 8. Ne2 Bb4+ 9. Bd2 Qa5 10. 0-0 Bxd2 11. Nxd2 Nc6 12. a3 Bd7 13. b4 Qb5 14. e4 Nde7 15. Nb3 Rfd8 16. Nc5 Be8 17. Qc2 b6 18. Nb3 Rac8 19. Qb2 Qe5 20. Rab1 Qxb2 21. Rxb2 Rd3 22. Rc1 Rcd8 23. Rbb1 e5 24. Bf1 R3d6 25. b5 Nd4 26. Nexd4 exd4 27. Bd3 g6 28. Rc7 R8d7 29. Rbc1 f5 30. f3 Kf7 31. Nd2 Ke6 32. f4 fxe4 33. Nxe4 h6 34. g4 Rxc7 35. Rxc7 Rd7 36. Bc4+ Nd5 37. Rc8 Bf7 38. Kf2 Ke7 39. f5 g5 40. Kf3 Nf6 41. Nxf6 Kxf6 42. Bd3 Ke5 43. Rc6 0-1

[Event "Nizhnij Novgorod Chunakov Memorial 10th"]
[Site "Nizhnij Novgorod"]
[Date "2010.02.23"]
[Round "?"]
[White "Bortnikov, German"]
[Black "Vladykin, Vasily M"]
[Result "1-0"]
[WhiteElo "1942"]
[BlackElo "1868"]
[PlyCount "91"]
[EventDate "2010.02.20"]
[EventType "swiss"]
[EventRounds "9"]
[EventCountry "RUS"]
[SourceTitle "EXT 2022"]
[Source "ChessBase"]
[SourceDate "2021.10.06"]
[SourceVersion "1"]
[SourceVersionDate "2021.10.06"]
[SourceQuality "1"]

1. e4 c5 2. Nf3 d6 3. d4 cxd4 4. Nxd4 Nf6 5. Nc3 a6 6. g3 e5 7. Nde2 Nc6 8. Bg2 Be7 9. 0-0 0-0 10. a4 Be6 11. Nd5 Bxd5 12. exd5 Nb8 13. h3 Nbd7 14. Be3 Rc8 15. Qd2 Qc7 16. Rfc1 Ne8 17. g4 g6 18. g5 Ng7 19. Ng3 f6 20. a5 f5 21. f4 exf4 22. Bxf4 Rfe8 23. c4 Qd8 24. Ne2 Nh5 25. Be3 Ne5 26. b3 Nf7 27. h4 h6 28. Nf4 hxg5 29. Ne6 Qd7 30. hxg5 Ng7 31. Qd4 Nxe6 32. dxe6 Qxe6 33. Bxb7 Rb8 34. Bd5 Qe5 35. Qxe5 dxe5 36. c5 f4 37. Bf2 Red8 38. Rd1 Rbc8 39. b4 Bxg5 40. c6 Kg7 41. Bb6 Rd6 42. Rac1 f3 43. Rc4 Bf4 44. Bc5 Rdd8 45. Be7 Re8 46. Bd8 1-0

[Event "Nizhnij Novgorod Chunakov Memorial 10th"]
[Site "Nizhnij Novgorod"]
[Date "2010.02.21"]
[Round "?"]
[White "Vladykin, Vasily M"]
[Black "Aleshin, Vladimir"]
[Result "0-1"]
[WhiteElo "1868"]
[BlackElo "1868"]
[PlyCount "71"]
[EventDate "2010.02.20"]
[EventType "swiss"]
[EventRounds "9"]
[EventCountry "RUS"]
[SourceTitle "EXT 2022"]
[Source "ChessBase"]
[SourceDate "2021.10.06"]
[SourceVersion "1"]
[SourceVersionDate "2021.10.06"]
[SourceQuality "1"]

1. d4 d5 2. c4 e6 3. Nf3 Nf6 4. Nc3 Bb4 5. Bg5 0-0 6. e3 h6 7. Bh4 Nbd7 8. Bd3 dxc4 9. Bxc4 b6 10. 0-0 Bb7 11. a3 Be7 12. Qe2 c5 13. dxc5 Nxc5 14. Rfd1 Qc8 15. Rac1 Rd8 16. Nd2 Qc6 17. f3 g5 18. Bb5 Qc8 19. Bf2 Rxd2 20. Qxd2 Nb3 21. Qd3 Nxc1 22. Rxc1 Qf8 23. Ne2 Rd8 24. Qb1 Bd6 25. Bc6 Bxc6 26. Rxc6 g4 27. f4 Qg7 28. Bh4 Bc5 29. Qc1 Rd3 30. Rc8+ Bf8 31. Ng3 Nd5 32. e4 Qd4+ 33. Kf1 Rd1+ 34. Ke2 Rxc1 35. Rxc1 Nxf4+ 36. Kf1 0-1

[Event "Nizhnij Novgorod Dubinin Memorial 17th"]
[Site "Nizhnij Novgorod"]
[Date "2010.??.??"]
[Round "?"]
[White "Vladykin, Vasily M"]
[Black "Paley, Alexander"]
[Result "1-0"]
[WhiteElo "1868"]
[BlackElo "2098"]
[PlyCount "47"]
[EventDate "2010.01.03"]
[EventType "swiss"]
[EventRounds "9"]
[EventCountry "RUS"]
[SourceTitle "CBM 134 Extra"]
[Source "ChessBase"]
[SourceDate "2010.03.03"]
[SourceVersion "1"]
[SourceVersionDate "2010.03.03"]
[SourceQuality "1"]

1. d4 d5 2. c4 e6 3. Nf3 c6 4. cxd5 exd5 5. Nc3 Nf6 6. Qc2 Bg4 7. Bd2 Be6 8. a3 Bd6 9. Bg5 Nbd7 10. e3 Qc7 11. Be2 0-0-0 12. Rc1 Kb8 13. b4 Rc8 14. Bh4 Rhe8 15. Qb1 h6 16. Nb5 cxb5 17. Rxc7 Rxc7 18. Bxb5 Ne4 19. 0-0 Rec8 20. Bg3 Nxg3 21. hxg3 Nf8 22. Bd3 Bg4 23. Re1 Rc3 24. Ne5 1-0

[Event "Nizhnij Novgorod-ch FL"]
[Site "Nizhnij Novgorod"]
[Date "2009.11.14"]
[Round "?"]
[White "Vladykin, Vasily M"]
[Black "Sobiev, Dmitry M"]
[Result "0-1"]
[WhiteElo "1908"]
[BlackElo "1735"]
[PlyCount "80"]
[EventDate "2009.11.14"]
[EventType "swiss"]
[EventRounds "9"]
[EventCountry "RUS"]
[SourceTitle "EXT 2022"]
[Source "ChessBase"]
[SourceDate "2021.10.06"]
[SourceVersion "1"]
[SourceVersionDate "2021.10.06"]
[SourceQuality "1"]

1. d4 d5 2. c4 c6 3. Nc3 Nf6 4. Bg5 Ne4 5. Bf4 Qa5 6. cxd5 cxd5 7. a3 Nc6 8. f3 Nxc3 9. Qd2 Nb5 10. b4 Qd8 11. e3 a6 12. Bd3 e6 13. Nh3 Be7 14. 0-0 0-0 15. Rfb1 Bf6 16. a4 Nbxd4 17. exd4 Bxd4+ 18. Nf2 Bxa1 19. Rxa1 Qf6 20. Rb1 e5 21. Bg5 Qd6 22. Be3 d4 23. Bg5 f5 24. b5 Ne7 25. Nd1 Be6 26. Bh4 Nd5 27. Bg3 axb5 28. axb5 f4 29. Bh4 Ne3 30. Nc3 Qb6 31. Ne4 Ra2 32. Rb2 Ra1+ 33. Bb1 Nc4 34. Qc2 Rxb1+ 35. Qxb1 Nxb2 36. Qxb2 Bf5 37. Nd2 Rc8 38. h3 Rc2 39. Qb4 Rc1+ 40. Kh2 d3 0-1